[Event "OMA-ch 11th"]
[Site "Muscat"]
[Date "2024.01.31"]
[Round "9"]
[White "Al Hosni, Khalfan"]
[Black "Qatan, Said Mahad"]
[Result "1-0"]
[WhiteElo "1607"]
[BlackElo "1610"]
[PlyCount "97"]
[EventDate "2024.01.24"]
[EventType "swiss"]
[EventRounds "9"]
[EventCountry "OMN"]
[SourceTitle "CB06_2024"]
[SourceDate "2024.02.07"]
[SourceVersion "1"]
[SourceVersionDate "2024.02.07"]
[SourceQuality "1"]

1. e4 c5 2. Nc3 e5 3. Bc4 Nc6 4. a3 Nf6 5. d3 d6 6. Bg5 Be7 7. Nf3 0-0 8. h3 Kh8 9. Qd2 Be6 10. Nd5 Bxd5 11. exd5 Nd4 12. Nxd4 cxd4 13. f4 Nd7 14. 0-0 f6 15. Bh4 f5 16. Bg5 h6 17. Bxe7 Qxe7 18. Rae1 Qf6 19. Rf2 Rac8 20. Bb3 Nc5 21. fxe5 dxe5 22. Ref1 Nxb3 23. cxb3 f4 24. Re2 Qd6 25. Rfe1 f3 26. gxf3 Qxd5 27. Rxe5 Qxf3 28. Re7 Qxh3 29. Qg2 Qxg2+ 30. Kxg2 Rc2+ 31. Kg3 Rcf2 32. Rxb7 h5 33. Kh4 Kh7 34. Kxh5 Rg2 35. Re6 Rf5+ 36. Kh4 Rf1 37. Kh3 Rxb2 38. Ree7 Kh6 39. Re6+ g6 40. Ree7 Rd2 41. Kg4 Rg1+ 42. Kf4 g5+ 43. Ke4 Rg4+ 44. Kd5 Rf4 45. Rh7+ Kg6 46. Rbg7+ Kf5 47. Rf7+ Kg4 48. Rf6 Rf5+ 49. Rxf5 1-0

[Event "OMA-ch 11th"]
[Site "Muscat"]
[Date "2024.01.26"]
[Round "3"]
[White "Al Hinai, Qusay"]
[Black "Qatan, Said Mahad"]
[Result "1/2-1/2"]
[WhiteElo "1481"]
[BlackElo "1610"]
[PlyCount "154"]
[EventDate "2024.01.24"]
[EventType "swiss"]
[EventRounds "9"]
[EventCountry "OMN"]
[SourceTitle "CB06_2024"]
[SourceDate "2024.02.07"]
[SourceVersion "1"]
[SourceVersionDate "2024.02.07"]
[SourceQuality "1"]

1. d4 g6 2. c4 Bg7 3. Nc3 c5 4. d5 Bxc3+ 5. bxc3 f5 6. Nf3 d6 7. e4 Qa5 8. Bd2 fxe4 9. Ng5 Nf6 10. Be2 0-0 11. 0-0 a6 12. a4 h6 13. Ne6 Bxe6 14. dxe6 Kg7 15. Rb1 Qc7 16. Qb3 Ra7 17. Qb6 Qxb6 18. Rxb6 Nc6 19. Rfb1 Nd8 20. f3 d5 21. Be3 dxc4 22. Bxc5 Nd5 23. R6b2 Ra8 24. Bxc4 Nxe6 25. Bxd5 Nxc5 26. Bxe4 Rab8 27. a5 Nxe4 28. fxe4 Rfd8 29. Rxb7 Rd1+ 30. Rxd1 Rxb7 31. Rd5 Rc7 32. Kf2 Kf6 33. Ke3 Rxc3+ 34. Kd4 Ra3 35. Rc5 Ra4+ 36. Kd5 e6+ 37. Kc6 Rxe4 38. Kb7 Re2 39. Kxa6 Rxg2 40. Kb6 Ra2 41. a6 Rb2+ 42. Rb5 Rd2 43. a7 Rd8 44. Kc7 Ra8 45. Kb7 Rf8 46. Rc5 e5 47. Rc8 Rf7+ 48. Rc7 Rf8 49. a8Q Rxa8 50. Kxa8 h5 51. Rc1 h4 52. h3 g5 53. Rf1+ Kg6 54. Kb7 g4 55. Kc6 gxh3 56. Kd5 Kg5 57. Ke4 Kh5 58. Kf3 Kg5 59. Rg1+ Kf5 60. Re1 h2 61. Kg2 Kf4 62. Kxh2 e4 63. Kg2 e3 64. Ra1 h3+ 65. Kf1 Kf3 66. Ra2 Kg3 67. Kg1 Kf3 68. Kf1 Kg3 69. Ra7 h2 70. Rg7+ Kf3 71. Rf7+ Kg3 72. Rg7+ Kf3 73. Rh7 Kg3 74. Ke2 Kg2 75. Rg7+ Kh3 76. Rh7+ Kg2 77. Rxh2+ Kxh2 1/2-1/2

[Event "OMA-chT 6th"]
[Site "Muscat"]
[Date "2023.08.06"]
[Round "5.1"]
[White "Al Hinai, Qusay"]
[Black "Qatan, Said Mahad"]
[Result "0-1"]
[WhiteElo "1341"]
[BlackElo "1616"]
[PlyCount "102"]
[EventDate "2023.08.03"]
[EventType "team-swiss"]
[EventRounds "9"]
[EventCountry "OMN"]
[SourceTitle "EXT 2024"]
[Source "ChessBase"]
[SourceDate "2023.10.10"]
[SourceVersion "1"]
[SourceVersionDate "2023.10.10"]
[SourceQuality "1"]
[WhiteTeam "Masirah White"]
[BlackTeam "Salalah II"]
[WhiteTeamCountry "OMN"]
[BlackTeamCountry "OMN"]

1. d4 Nf6 2. c4 e6 3. Nc3 d5 4. cxd5 exd5 5. Bg5 Be7 6. e3 0-0 7. Bd3 c5 8. dxc5 Nc6 9. a3 h6 10. Bh4 d4 11. exd4 Qxd4 12. Nf3 Qxc5 13. 0-0 Bg4 14. h3 Bxf3 15. Qxf3 Ne5 16. Qe2 Nxd3 17. Qxd3 Rad8 18. Qf3 Nd5 19. Bxe7 Nxe7 20. Qxb7 Rb8 21. Qf3 Ng6 22. b4 Qc4 23. Rfc1 Nf4 24. Kh1 Nd3 25. Rc2 Rbe8 26. Qd5 Qa6 27. b5 Qg6 28. Qc6 Re6 29. Nd5 Rfe8 30. Qc3 Re1+ 31. Rxe1 Nxe1 32. Qg3 Qxg3 33. Ne7+ Kf8 34. fxg3 Nxc2 35. Nc6 Nxa3 36. Nxa7 Rb8 37. g4 Nxb5 38. Nc6 Rc8 39. Ne5 Nd6 40. Kh2 Ne4 41. Nf3 g6 42. Ne5 Kg7 43. Nf3 Rd8 44. Ng1 f5 45. gxf5 gxf5 46. Nf3 f4 47. h4 Rd1 48. Ng1 h5 49. Nh3 Rf1 50. Ng1 Ng3 51. Kh3 Rxg1 0-1

[Event "OMA-chT 6th"]
[Site "Muscat"]
[Date "2023.08.05"]
[Round "4.1"]
[White "Qatan, Said Mahad"]
[Black "Abdulla, Mohammad"]
[Result "1/2-1/2"]
[WhiteElo "1616"]
[BlackElo "1917"]
[PlyCount "121"]
[EventDate "2023.08.03"]
[EventType "team-swiss"]
[EventRounds "9"]
[EventCountry "OMN"]
[SourceTitle "EXT 2024"]
[Source "ChessBase"]
[SourceDate "2023.10.10"]
[SourceVersion "1"]
[SourceVersionDate "2023.10.10"]
[SourceQuality "1"]
[WhiteTeam "Salalah II"]
[BlackTeam "Taqah"]
[WhiteTeamCountry "OMN"]
[BlackTeamCountry "OMN"]

1. e4 Nc6 2. Nf3 d6 3. d4 a6 4. h3 e6 5. Nc3 Bd7 6. a3 e5 7. Bc4 h6 8. Be3 Nf6 9. 0-0 Be7 10. b4 g5 11. dxe5 dxe5 12. Nh2 Bd6 13. Qe2 Ne7 14. Rfd1 Ng6 15. g4 Nf4 16. Bxf4 gxf4 17. Rd3 h5 18. g5 Ng4 19. hxg4 hxg4 20. Nxg4 Qxg5 21. f3 Bxg4 22. Qg2 Rh4 23. Ne2 Qh5 24. fxg4 Rxg4 25. Ng3 Qh4 26. Rf1 0-0-0 27. Rff3 fxg3 28. Bxf7 Rxe4 29. Qxg3 Re1+ 30. Kf2 Qxg3+ 31. Rxg3 Rc1 32. Rd2 Rf8 33. Rf3 Kb8 34. Bg6 Rh8 35. Ke3 Ra1 36. Ke4 Re1+ 37. Kd3 Rh4 38. Re2 Rd4+ 39. Ke3 Ra1 40. Kf2 Rf4 41. Ree3 a5 42. Rb3 axb4 43. Rxf4 exf4 44. axb4 Ra4 45. c3 Ra2+ 46. Kf3 Rh2 47. Bf5 Rh1 48. c4 Rf1+ 49. Ke2 Rg1 50. c5 Be5 51. b5 Rg2+ 52. Kf1 Rg5 53. Be4 Rg3 54. Rxg3 fxg3 55. Kg2 Bd4 56. Kxg3 Bxc5 57. Kf3 Ka7 58. Bd3 Kb6 59. Ke4 Bf8 60. Kd5 Bg7 61. Bf1 1/2-1/2

[Event "OMA-chT Clubs"]
[Site "Muscat"]
[Date "2022.08.26"]
[Round "1.4"]
[White "Qatan, Said Mahad"]
[Black "Al Hinai, Qusay"]
[Result "1-0"]
[WhiteElo "1637"]
[BlackElo "1170"]
[PlyCount "73"]
[EventDate "2022.08.26"]
[EventType "team-swiss"]
[EventRounds "9"]
[EventCountry "OMN"]
[SourceTitle "EXT 2023"]
[Source "ChessBase"]
[SourceDate "2022.10.05"]
[SourceVersion "1"]
[SourceVersionDate "2022.10.05"]
[SourceQuality "1"]
[WhiteTeam "Salalah"]
[BlackTeam "Masirah Blue"]
[WhiteTeamCountry "OMN"]
[BlackTeamCountry "OMN"]

1. e4 c5 2. Nf3 Nc6 3. d4 cxd4 4. Nxd4 g6 5. Nc3 Bg7 6. Be3 d6 7. Bc4 Nf6 8. f3 0-0 9. Qd2 a6 10. 0-0-0 Nxd4 11. Bxd4 b5 12. Bb3 Qc7 13. h4 e5 14. Be3 Rd8 15. Bg5 Be6 16. Kb1 Bxb3 17. cxb3 Rd7 18. Bxf6 Bxf6 19. Nd5 Qd8 20. g4 Kg7 21. g5 Be7 22. f4 exf4 23. Qd4+ Kg8 24. Nb6 Raa7 25. Nxd7 Qxd7 26. Rhf1 Rc7 27. Qd5 Qc6 28. Qxc6 Rxc6 29. Rxf4 Kg7 30. Rdf1 Rc7 31. Rxf7+ Kg8 32. b4 Ra7 33. Kc2 Rc7+ 34. Kd3 Ra7 35. Kd4 Rc7 36. Kd5 Ra7 37. Ke6 1-0

[Event "OMA-ch"]
[Site "Muscat"]
[Date "2021.09.28"]
[Round "8"]
[White "Al Zadjali, Abdul Rahman"]
[Black "Qatan, Said Mahad"]
[Result "1-0"]
[WhiteElo "1594"]
[BlackElo "1711"]
[PlyCount "73"]
[EventDate "2021.09.22"]
[EventType "swiss"]
[EventRounds "9"]
[EventCountry "OMN"]
[SourceTitle "EXT 2023"]
[Source "ChessBase"]
[SourceDate "2022.10.05"]
[SourceVersion "1"]
[SourceVersionDate "2022.10.05"]
[SourceQuality "1"]

1. d4 Nf6 2. c4 g6 3. Nc3 d5 4. cxd5 Nxd5 5. Bd2 f5 6. Qb3 c6 7. h4 Na6 8. e4 fxe4 9. Bxa6 bxa6 10. Qc4 Bb7 11. Nxe4 Qb6 12. b4 Bg7 13. Nc5 0-0-0 14. Ne6 Bf6 15. Nxd8 Rxd8 16. Nf3 Nc7 17. 0-0 Qb5 18. Rac1 Qf5 19. Qc2 Qg4 20. Bg5 Nd5 21. Ne5 Bxe5 22. dxe5 Kb8 23. Qc4 Qf5 24. Rfd1 Rf8 25. Qc5 Nf4 26. Bxf4 Qxf4 27. Rd7 Qxh4 28. Rcd1 Rc8 29. Qxe7 Qxe7 30. Rxe7 Rc7 31. Rd8+ Bc8 32. Ree8 Kb7 33. e6 a5 34. e7 Bf5 35. Rb8+ Ka6 36. b5+ cxb5 37. Red8 1-0

[Event "OMA-ch"]
[Site "Muscat"]
[Date "2021.09.25"]
[Round "5"]
[White "Qatan, Said Mahad"]
[Black "Al Darwashi, Usama"]
[Result "1-0"]
[WhiteElo "1711"]
[BlackElo "1459"]
[PlyCount "87"]
[EventDate "2021.09.22"]
[EventType "swiss"]
[EventRounds "9"]
[EventCountry "OMN"]
[SourceTitle "EXT 2023"]
[Source "ChessBase"]
[SourceDate "2022.10.05"]
[SourceVersion "1"]
[SourceVersionDate "2022.10.05"]
[SourceQuality "1"]

1. e4 c5 2. Nc3 d6 3. f4 Nc6 4. Nf3 Nf6 5. Bb5 Bd7 6. 0-0 g6 7. d4 cxd4 8. Nxd4 Nxd4 9. Bxd7+ Nxd7 10. Qxd4 Qb6 11. Be3 Qxd4 12. Bxd4 e5 13. fxe5 dxe5 14. Be3 Bc5 15. Bxc5 Nxc5 16. Nb5 0-0 17. Nd6 Rad8 18. Rad1 b6 19. b4 Ne6 20. c3 Nf4 21. Rfe1 Rd7 22. g3 Ne6 23. Nc4 Rc7 24. Nxe5 Rxc3 25. Rd7 Ra3 26. Re2 Ra4 27. Nc6 a5 28. Ra7 Nd8 29. Ne7+ Kg7 30. Nd5 Nc6 31. Rb7 Nxb4 32. Nf4 Rc8 33. Rf2 Rc1+ 34. Kg2 Rxa2 35. Ne6+ Kh6 36. Rxa2 Nxa2 37. Rxf7 Rc6 38. Nf8 Kg5 39. Nxh7+ Kh6 40. h4 g5 41. Nxg5 Nc3 42. Kf3 Rc5 43. Kg4 Rxg5+ 44. hxg5+ 1-0

[Event "OMA-ch"]
[Site "Muscat"]
[Date "2021.09.23"]
[Round "2"]
[White "Al Harasi, Saif"]
[Black "Qatan, Said Mahad"]
[Result "1-0"]
[WhiteElo "1474"]
[BlackElo "1711"]
[PlyCount "77"]
[EventDate "2021.09.22"]
[EventType "swiss"]
[EventRounds "9"]
[EventCountry "OMN"]
[SourceTitle "EXT 2023"]
[Source "ChessBase"]
[SourceDate "2022.10.05"]
[SourceVersion "1"]
[SourceVersionDate "2022.10.05"]
[SourceQuality "1"]

1. e4 Nc6 2. d4 d5 3. e5 g6 4. Be2 Bg7 5. f4 Bf5 6. Nf3 a6 7. a3 e6 8. Bd2 Bg4 9. Be3 Nh6 10. Bd3 Ne7 11. Nbd2 Bf5 12. Qe2 Rc8 13. Nb3 Ng4 14. Bg1 c6 15. Nc5 Rb8 16. h3 Nh6 17. Bf2 Qb6 18. b4 Bxd3 19. Qxd3 Qb5 20. Qb3 Nc8 21. Nd2 Nf5 22. g4 Nfe7 23. Rb1 Qb6 24. Bh4 Ng8 25. f5 gxf5 26. gxf5 Bf8 27. fxe6 fxe6 28. Nxe6 Bh6 29. Qf3 Nce7 30. Rf1 Kd7 31. Nb3 Re8 32. Qg4 Nf5 33. Qxf5 Ne7 34. Bxe7 Rxe7 35. Nbc5+ Kc8 36. Qf6 Rhe8 37. Qxh6 Kb8 38. Rf8 Ka7 39. Rxe8 1-0

[Event "OMA-chT"]
[Site "Muscat"]
[Date "2020.01.30"]
[Round "7.4"]
[White "Al Ansi, Amin Hassan"]
[Black "Qatan, Said Mahad"]
[Result "1-0"]
[WhiteElo "1817"]
[BlackElo "1629"]
[PlyCount "123"]
[EventDate "2020.01.25"]
[EventType "team-swiss"]
[EventRounds "9"]
[EventCountry "OMN"]
[SourceTitle "CBM 194 Extra"]
[Source "ChessBase"]
[SourceDate "2020.03.31"]
[SourceVersion "1"]
[SourceVersionDate "2020.03.31"]
[SourceQuality "1"]

1. e4 e5 2. Nf3 Nc6 3. Bb5 Nf6 4. 0-0 d6 5. Re1 Be7 6. d4 exd4 7. Nxd4 Bd7 8. Bxc6 bxc6 9. h3 0-0 10. Nc3 Rb8 11. b3 Re8 12. Qf3 h6 13. Bd2 Nh7 14. Nf5 Bf8 15. Rad1 Qf6 16. a4 d5 17. g4 d4 18. Ne2 c5 19. Neg3 Rb6 20. Bf4 Kh8 21. Nh5 Qd8 22. Nhg3 g6 23. Nxh6 Qf6 24. e5 Ng5 25. Qd5 Qxf4 26. Qxd7 Rbe6 27. Nxf7+ Nxf7 28. Re4 Qh6 29. Qxf7 Bg7 30. Qf3 Qxh3 31. Qh1 Qxh1+ 32. Kxh1 Bxe5 33. Rde1 R6e7 34. f4 Bd6 35. Rxe7 Rxe7 36. Rxe7 Bxe7 37. Kg2 Kg7 38. Kf3 Kf6 39. Ke4 Ke6 40. f5+ gxf5+ 41. gxf5+ Kf6 42. Nh5+ Kg5 43. Nf4 Bd6 44. Ne6+ Kf6 45. Nd8 a6 46. Nc6 Bg3 47. Kd5 Bd6 48. Nb8 a5 49. Nc6 Kxf5 50. Nxa5 Kf4 51. Nc4 Kf3 52. a5 Bh2 53. Kc6 Ke2 54. a6 Kd1 55. a7 Kxc2 56. a8Q Kxb3 57. Kxc5 Bd6+ 58. Kxd4 Bb4 59. Qf3+ Ka4 60. Nb2+ Kb5 61. Qd5+ c5+ 62. Kd3 1-0

[Event "OMA-chT"]
[Site "Muscat"]
[Date "2019.07.11"]
[Round "3.2"]
[White "Qatan, Said Mahad"]
[Black "Al Zadjali, Abdul Rahman"]
[Result "0-1"]
[WhiteElo "1630"]
[BlackElo "1324"]
[PlyCount "88"]
[EventDate "2019.07.09"]
[EventType "team-swiss"]
[EventRounds "9"]
[EventCountry "OMN"]
[SourceTitle "EXT 2020"]
[Source "ChessBase"]
[SourceDate "2019.10.17"]
[SourceVersion "1"]
[SourceVersionDate "2019.10.17"]
[SourceQuality "1"]
[WhiteTeam "Salalah Blue"]
[BlackTeam "Ahli Sidab"]
[WhiteTeamCountry "OMN"]
[BlackTeamCountry "OMN"]

1. e4 c5 2. d4 cxd4 3. Nf3 Nc6 4. c3 dxc3 5. Nxc3 g6 6. Bc4 Bg7 7. 0-0 Nf6 8. Qe2 d6 9. h3 0-0 10. Rd1 Bd7 11. Bf4 Nh5 12. Bh2 Rc8 13. Rac1 Bh6 14. Rb1 Nf4 15. Bxf4 Bxf4 16. a3 Ne5 17. Nxe5 Bxe5 18. Qd3 a6 19. Ne2 Qb6 20. Kh1 Qxf2 21. Rf1 Qh4 22. Qb3 b5 23. Bxf7+ Kg7 24. Be6 Bxe6 25. Qxe6 Rce8 26. Qg4 Qxg4 27. hxg4 Rxf1+ 28. Rxf1 Bxb2 29. Rf3 Rf8 30. Nf4 Kg8 31. g5 e5 32. Nd5 Rxf3 33. gxf3 Bxa3 34. Kg2 b4 35. Kf2 b3 36. Nc3 a5 37. Ke2 Bb4 38. Na4 Bc5 39. Nc3 Bd4 40. Nb1 a4 41. Kd3 h5 42. gxh6 Kh7 43. f4 Kxh6 44. Na3 Bc5 0-1